Statistics for Toronto Raptors Leaders Per Year

Click here to take the quiz!

General Stats

  • This quiz has been taken 433 times
    (37 since last reset)
  • The average score is 16 of 42

Answer Stats

Player % Correct
Kyle Lowry
100%
Pascal Siakam
100%
Kawhi Leonard
100%
Vince Carter
91%
Serge Ibaka
87%
DeMar DeRozan
87%
Chris Bosh
83%
Jonas Valančiūnas
78%
Tracy McGrady
78%
Fred VanVleet
74%
Damon Stoudamire
61%
Andrea Bargnani
57%
Jose Calderon
48%
Ed Davis
48%
Antonio Davis
48%
Amir Johnson
43%
James Johnson
43%
Alvin Williams
39%
Jerome Williams
39%
Chris Boucher
35%
Mark Jackson
30%
Popeye Jones
26%
Bismack Biyombo
26%
Morris Peterson
22%
Rudy Gay
22%
Marcus Camby
17%
T.J. Ford
17%
Alvin Robertson
17%
Doug Christie
17%
Oliver Miller
13%
Jalen Rose
13%
Keon Clark
9%
Jamario Moon
9%
Kevin Willis
9%
Mike James
4%
Jermaine O'Neal
4%
Hedo Türkoğlu
4%
Donyell Marshall
0%
Rafer Alston
0%
Anthony Parker
0%
Reggie Evans
0%
Lucas Nogueira
0%

Score Distribution

Percentile by Number Answered

Percent of People with Each Score

Your Score History

You have not taken this quiz since the last reset